000 00682nam a2200133Ia 4500
008 171212s9999 xx 000 0 und d
020 _a9780874218534
100 _aYoungdahl, Jay
245 _cYoungdahl, Jay
_aWorking on the Railroad, Walking in Beauty
_bNavajos, Hozho, and Track Work
260 _bUniversity Press of Colorado
_c2011
650 _aHistory
650 _aNavajo Indians -- Employment; Navajo Indians -- Social conditions; Navajo Indians -- Religion; Railroad construction workers -- Southwest, New -- History; Railroads -- Southwest, New -- Employees -- History; Southwest, New -- Race relations; Southwest, Ne
856 _uwww.jstor.org/stable/10.2307/j.ctt4cgs4h
999 _c353204
_d353204